Las sentencias recaídas en juicios excluídos del fuero de atracción y la naturaleza del plazo de seis meses para verificar (Registro nro. 20966)
[ vista simple ]
| 000 -LEADER | |
|---|---|
| fixed length control field | 00420 a2200109 4500 |
| 001 - CONTROL NUMBER | |
| control field | ART_41727 |
| 005 - DATE AND TIME OF LATEST TRANSACTION | |
| control field | 20260410161805.0 |
| 008 - FIXED-LENGTH DATA ELEMENTS--GENERAL INFORMATION | |
| fixed length control field | 260409a |
| 100 1# - MAIN ENTRY--PERSONAL NAME | |
| Personal name | Junyent Bas, Francisco |
| 245 10 - TITLE STATEMENT | |
| Title | Las sentencias recaídas en juicios excluídos del fuero de atracción y la naturaleza del plazo de seis meses para verificar |
| 773 0# - HOST ITEM ENTRY | |
| Title | Doctrina Societaria y Concursal |
| Related parts | - Nº 310 (sep. 2013) |
| Record control number | REV4298 |
No hay ítems disponibles.